| 000 | 00617nam a2200193 a 4500 | ||
|---|---|---|---|
| 001 | 000043191 | ||
| 005 | 20201002040717.0 | ||
| 008 | 140221s1968 ag 000 0 spa d | ||
| 040 |
_aDO-SdBNP _bspa _cBNPHU |
||
| 082 |
_axxxxxx _bxxxxxx |
||
| 100 | 1 |
_aHuberman, Leo _970783 |
|
| 245 | 1 | 0 |
_aCuba : _banatomía de una revolución / _cLeo Huberman, Paul M. Sweezy. |
| 250 | _a3a ed. | ||
| 260 |
_aBuenos Aires-Montevideo, : _bPalestra, _c1968. |
||
| 300 |
_a310 p. ; _c20 cm. |
||
| 490 | 1 | _aHistoria viva | |
| 504 | _aIncluye referencias bibliográficas y notas al pie de las páginas | ||
| 830 | 0 |
_aHistoria viva _958574 |
|
| 999 |
_c42680 _d42680 |
||